Statistics for World Map 30 X 32 Puzzle - 1 Million Cities by Longitude

Click here to take the quiz!

General Stats

  • This quiz has been taken 828 times
  • The average score is 20 of 26

Answer Stats

PieceCities% Correct
29 New York, Washington, Boston, Philadelphia, Montreal, Bogotá, Medel..
96%
38 The Ruhr, Cologne / Dusseldorf, Frankfurt, Hamburg, Stuttgart, Lago..
95%
> 50 Guangzhou, Shanghai, Beijing, Tianjin, Xiamen, Hangzhou, Wuhan, S..
91%
13 Los Angeles, San Francisco, Seattle, San Diego, Portland, Las Vegas..
91%
23 Berlin, Munich, Naples, Rome, Cape Town, Yaoundé, Katowice, Warsaw,..
90%
16 Dallas, Houston, Minneapolis, Mexico City, Monterrey, Puebla, Toluc..
89%
31 Chicago, Miami, Detroit, Atlanta, Tampa, Cleveland, Orlando, Cincin..
88%
27 Johannesburg, Durban, Istanbul, Ankara, Izmir, Cairo, Alexandria, S..
88%
29 Jeddah, Moscow, Damascus, Aleppo, Addis Ababa, Baghdad, Tel Aviv-Ja..
88%
10 Tokyo, Osaka, Nagoya, Sapporo, Melbourne, Sendai, Hamamatsu, Adelai..
88%
43 Delhi, Mumbai, Bengaluru, Ahmedabad, Pune, Surat, Jaipur, Indore, C..
87%
27 Birmingham, Manchester, Leeds, Kumasi, Madrid, Ouagadougou, Abidjan..
85%
9 São Paulo, Porto Alegre, Brasília, Curitiba, Campinas, Goiânia, Belé..
82%
2 Sydney, Brisbane
82%
23 Tehran, Isfahan, Riyadh, Dammam, Baku, Kuwait City, Antananarivo, D..
81%
39 Chengdu, Chongqing, Xi'an, Kunming, Nanning, Guiyang, Lanzhou, Baot..
81%
11 Rio de Janeiro, Belo Horizonte, Recife, Salvador, Fortaleza, Vitóri..
80%
10 San Juan, Manaus, Caracas, Buenos Aires, Asunción, Santa Cruz, Córd..
78%
9 Phoenix, Denver, Salt Lake City, Guadalajara, León, Ciudad Juárez, T..
72%
10 Medan, Dhaka, Chittagong, Yangon, Bangkok, George Town, Mandalay, K..
71%
27 Ürümqi, Kolkata, Chennai, Hyderabad, Lucknow, Kanpur, Nagpur, Bhila..
64%
23 Shenyang, Harbin, Changchun, Fukuoka, Okayama, Seoul, Busan, Daegu,..
63%
4 Conakry, Dakar, Freetown, Nouakchott
58%
Auckland
48%
7 Meshed, Yekaterinburg, Chelyabinsk, Muscat, Ashgabat, Ufa, Perm
37%
Honolulu
21%

Score Distribution

Percentile by Number Answered

Percent of People with Each Score

Your Score History

You have not taken this quiz